Alternative to serfdom
Đã lưu trong:
| Hovedforfatter: | |
|---|---|
| Format: | Bog |
| Sprog: | Undetermined |
| Udgivet: |
Oxford
Basil Blackwell
1948
|
| Fag: | |
| Tags: |
Tilføj Tag
Ingen Tags, Vær først til at tagge denne postø!
|
| Thư viện lưu trữ: | Trung tâm Học liệu Trường Đại học Cần Thơ |
|---|
| LEADER | 00476nam a2200181Ia 4500 | ||
|---|---|---|---|
| 001 | CTU_80394 | ||
| 008 | 210402s9999 xx 000 0 und d | ||
| 082 | |a 338.01 | ||
| 082 | |b C593 | ||
| 100 | |a Clark, John Maurice | ||
| 245 | 0 | |a Alternative to serfdom | |
| 245 | 0 | |c John Maurice Clark | |
| 260 | |a Oxford | ||
| 260 | |b Basil Blackwell | ||
| 260 | |c 1948 | ||
| 650 | |a Economic policy | ||
| 904 | |i Trọng Hải | ||
| 980 | |a Trung tâm Học liệu Trường Đại học Cần Thơ | ||